Théorie des groupes: représentations, applications
Wedi'i Gadw mewn:
| Awdur Corfforaethol: | |
|---|---|
| Fformat: | Llyfr |
| Iaith: | Ffrangeg |
| Cyhoeddwyd: |
París
Université Paris
1998
|
| Pynciau: | |
| Tagiau: |
Ychwanegu Tag
Dim Tagiau, Byddwch y cyntaf i dagio'r cofnod hwn!
|
MARC
| LEADER | 00000nam a2200000 a 4500 | ||
|---|---|---|---|
| 001 | UCQ3349 | ||
| 003 | CL-VaPUC | ||
| 008 | 980821e19980000FR |||||||||||||||||fre|d | ||
| 082 | 0 | 4 | |a 512.2 |b INS |2 21 |
| 110 | 2 | |a Institut de Mathématiques de Jussieu |e author |9 417399 | |
| 245 | 1 | 0 | |a Théorie des groupes: représentations, applications |
| 300 | |a 74 p | ||
| 942 | |c BK | ||
| 945 | |d 19980821 00:00:00 |a aarredon | ||
| 260 | |a París |b Université Paris |c 1998 | ||
| 650 | 0 | |a Álgebra |9 259567 | |
| 650 | 0 | |a Teoría de grupos |9 270028 | |
| 650 | 0 | |a Geometría |9 264063 | |
| 650 | 0 | |a Simetría |9 269045 | |
| 650 | 0 | |a Grupos finitos |9 270201 | |
| 583 | |a last modification |c 19980821 00:00:00 |k Rodrigo Vera | ||
| 999 | |c 273937 |d 273935 | ||
| 952 | |0 0 |1 0 |4 0 |6 512_200000000000000_INS_1998 |7 0 |8 A |9 309926 |a BIBMAT |b BIBMAT |d 2019-11-20 |i 3452921 |o 512.2 INS 1998 |p 3452921 |r 2025-01-07 |w 2019-11-20 |y BK |k MAT | ||